Nationalism and national movements: comparing the past and the present of Central and Eastern Europe
| Titel: | Nationalism and national movements: comparing the past and the present of Central and Eastern Europe / Miroslav Hroch |
|---|---|
| Verfasser: | |
| In: |
Nations and nationalism, Band 2, Heft 1 (1996), Seite 35-44 alle Artikel anzeigen |
| Veröffentlicht: | 1996 |
| Format: | Aufsatz |
| Sprache: | Englisch |
X
alg: 51970324 001A $03025:10-07-24 001B $03025:10-07-24 $t09:07:52.000 001D $03025:10-07-24 001U $0utf8 001X $00 002@ $0Oou 002C $aText $btxt $2rdacontent 002D $aComputermedien $bc $2rdamedia 002E $aOnline-Ressource $bcr $2rdacarrier 003@ $0519703243 009Q $uhttps://doi.org/10.1111/j.1354-5078.1996.00035.x $xVolltext 010@ $aeng 010E $erda 011@ $a1996 021A $aNationalism and national movements: comparing the past and the present of Central and Eastern Europe $hMiroslav Hroch 028A $BVerfasser $#Hroch, M. $4aut $7120923904 $8Hroch, Miroslav$Z1932- [Tp1] $9088005933 031A $d2 $e1 $g10 $h35-44 $j1996 039B $aEnthalten in $8--Obvc--. Nations and nationalism. - Oxford : Wiley-Blackwell, 1995-. - Online-Ressource. - ISSN 1469-8129. - DOI 10.1111/(ISSN)1469-8129 $x199600000020001965 $9084522844 044K $REuropa $ROstblock $ROstmitteleuropa $#Europa, Ost $#Östliches Europa $#Central Europe Osteuropa $74075739-0 $8Osteuropa [Tg1] $9085214396 044K $RNationalbewegung $RNationalbewusstsein $RPatriotismus $#Nationalism $#Nationalisme $#Nacionalismo $#Nationalismus $#Nationalismus $74041300-7 $8Nationalismus [Ts1] $9085113069 044K $RPolitische Bewegung $RNationalismus $REinheitsbewegung $RUnabhängigkeitsbewegung $#Separatist movements $#Mouvements autonomistes $#Nationale Bewegung $74171210-9 $8Nationalbewegung [Ts1] $9085787388 lok: 51970324 78 exp: 51970324 78 1 #EPN 201B/01 $010-07-24 $t09:07:03.000 201C/01 $010-07-24 201U/01 $0utf8 203@/01 $01266628584 208@/01 $a10-07-24 $be 209A/01 $a/ $f000 $x00 209A/01 $ab*p $x01 220C/01 $apgar 244Z/01 $#Ostmitteleuropa $#Ostmitteleuropa $#Mitteleuropa, Ost $#Central Europe Ostmitteleuropa $#Mittelosteuropa $74075753-5 $8--Tg1--Ostmitteleuropa $x05 $9085214485 247C/01 $82080>Marburg/Lahn, Herder-Institut, Forschungsbibliothek, Bibliographieportal $9336309341
| LEADER | 00000naa a2200000 c 4500 | ||
|---|---|---|---|
| 001 | 519703243 | ||
| 003 | DE-603 | ||
| 005 | 20240710090752.0 | ||
| 007 | cr|||||||||||| | ||
| 008 | 240710s1996 xx |||| o| u00||u|eng c | ||
| 035 | |a (DE-599)HEB519703243 | ||
| 040 | |a DE-603 |b ger |c DE-603 |d DE-603 |e rda | ||
| 041 | |a eng | ||
| 100 | 1 | |a Hroch, Miroslav |d 1932- |e Verfasser |4 aut |0 (DE-603)088005933 |0 (DE-588)120923904 |2 gnd | |
| 245 | 0 | 0 | |a Nationalism and national movements: comparing the past and the present of Central and Eastern Europe |c Miroslav Hroch |
| 264 | 0 | |c 1996 | |
| 336 | |a Text |b txt |2 rdacontent | ||
| 337 | |a Computermedien |b c |2 rdamedia | ||
| 338 | |a Online-Ressource |b cr |2 rdacarrier | ||
| 650 | 7 | |a Nationalismus |0 (DE-588)4041300-7 |0 (DE-603)085113069 |2 gnd | |
| 650 | 7 | |a Nationalbewegung |0 (DE-588)4171210-9 |0 (DE-603)085787388 |2 gnd | |
| 651 | 7 | |a Osteuropa |0 (DE-588)4075739-0 |0 (DE-603)085214396 |2 gnd | |
| 773 | 0 | 8 | |i Enthalten in |t Nations and nationalism |d Oxford : Wiley-Blackwell, 1995- |h Online-Ressource |o 10.1111/(ISSN)1469-8129 |x 1469-8129 |g Band 2, Heft 1 (1996), Seite 35-44 |w (DE-603)084522844 |w (DE-600)1500007-2 |
| 856 | |u https://doi.org/10.1111/j.1354-5078.1996.00035.x | ||
| 924 | 1 | |9 2080 |a (DE-603)1266628584 |b DE-2080 |c HES |d d |g / | |


